| 000 | 02199cam a22005055i 4500 | ||
|---|---|---|---|
| 999 |
_c28462 _d28433 |
||
| 001 | 14884736 | ||
| 003 | EG-ScBUE | ||
| 005 | 20200812143950.0 | ||
| 008 | 190712t20192019nyua f 000 0 eng d | ||
| 020 | _a9781260440997 | ||
| 020 | _a1260440990 | ||
| 020 | _a9781260440980 (audio DVD) | ||
| 020 | _a1260440982 (audio DVD) | ||
| 035 | _a(OCoLC)on1109768267 | ||
| 035 | _a14884736 | ||
| 040 |
_aCGP _beng _erda _cCGP _dOCLCO _dOCLCF _dEG-ScBUE |
||
| 050 | 4 |
_aPE1128 _b.O445 2019 v. 2 |
|
| 082 | 0 | 4 |
_a428.0076 _bOFF _222 |
| 245 | 0 | 0 | _aOfficial TOEFL iBT tests. |
| 246 | 3 | _aOfficial Test of English as a Foreign Language iBT tests | |
| 246 | 1 |
_iAt head of title: _aETS |
|
| 246 | 3 | _aETS Official Test of English as a Foreign Language iBT tests | |
| 246 | 3 | _aEducational Testing Service Official TOEFL iBT tests | |
| 246 | 3 | _aEducational Testing Service Official Test of English as a Foreign Language iBT tests | |
| 250 | _aSecond edition. | ||
| 264 | 1 |
_aNew York : _bMcGraw Hill Education, _c[2019] |
|
| 264 | 4 | _cc2019 | |
| 300 |
_a462 pages : _billustrations ; _c28 cm + _e1 audio DVD-ROM (4 3/4 in.) |
||
| 336 |
_atext _btxt _2rdacontent |
||
| 336 |
_astill image _bsti _2rdacontent |
||
| 336 |
_aspoken word _bspw _2rdacontent |
||
| 337 |
_aunmediated _bn _2rdamedia |
||
| 337 |
_aaudio _bs _2rdamedia |
||
| 338 |
_avolume _bnc _2rdacarrier |
||
| 338 |
_aaudio disc _bsd _2rdacarrier |
||
| 505 | 0 | _aAbout the TOEFL iBT test -- How to use this book/DVD set -- TOEFL iBT test 1 -- TOEFL iBT test 2 -- TOEFL iBT test 3 -- TOEFL iBT test 4 -- TOEFL iBT test 5 -- Appendix A: Speaking and writing scoring rubrics -- Appendix B: Audio track transcripts. | |
| 520 | _aOffers test preparation for the TOEFL iBT test, including five full-length tests designed to measure test readiness. | ||
| 650 | 7 |
_aTest of English as a Foreign Language _vStudy guides. _2BUEsh |
|
| 650 | 7 |
_aEnglish language _vTextbooks for foreign speakers. _2BUEsh |
|
| 650 | 7 |
_aEnglish language _xExaminations _vStudy guides. _2BUEsh |
|
| 650 | 7 |
_aTest of English as a Foreign Language _vStudy guides _xAudio-visual aids. _2BUEsh |
|
| 653 |
_bHHUUEENN _cJuly2020 |
||
| 655 |
_vReading book _934232 |
||
| 942 |
_2ddc _cBB |
||